Statistics for U.S. States On the East Coast On a Map

Click here to take the quiz!

General Stats

  • This quiz has been taken 669 times
  • The average score is 14 of 14

Answers on the Map

Answers color-coded by a green-red scale on the quiz's map according to % correct below.
 

Answer Stats

State% Correct
Florida
100%
New York
100%
Maine
99%
North Carolina
99%
South Carolina
99%
New Jersey
98%
Rhode Island
98%
Virginia
98%
Delaware
97%
Georgia
97%
Maryland
97%
New Hampshire
96%
Connecticut
95%
Massachusetts
95%

Score Distribution

Percentile by Number Answered

Percent of People with Each Score

Your Score History

You have not taken this quiz